| 000 | 00608nam a2200193Ii 4500 | ||
|---|---|---|---|
| 003 | JO-AjNU | ||
| 008 | 230605s9999||||xx |||||||||||||| ||und|| | ||
| 040 |
_aJO-AjNU _bara _erda _cJO-AjNU |
||
| 041 | _aara | ||
| 050 | 1 | 4 | _aQA76.J85 1970 |
| 100 | 3 |
_aساويرس، وديع وهيب, _eauthor _945794 |
|
| 245 | 0 | 0 | _aالالات المفكرة |
| 264 | 3 | 1 | _aمصر:دار المعارف ، 1988 |
| 300 | _a240ص | ||
| 336 |
_atext _btxt _2rdacontent |
||
| 337 |
_aunmediated _bn _2rdamedia |
||
| 338 |
_avolume _bnc _2rdacarrier |
||
| 650 | 4 |
_aالحاسبات الالكترونية- الآلآت _945795 |
|
| 999 |
_aA19876 _c23444 _d23444 |
||